000
00298nam a22001337a 4500
008
210226b ||||| |||| 00| 0 eng d
020
_a
9781593853310
041
_a
eng
080
_a
610.73
100
_a
1
101
_a
INF
245
_a
Diagnosis Made Easier
_c
Morrison James
942
_2
udc
_c
BK
999
_c
55254
_d
55254